• 首页
  • 本馆介绍
  • 公告通知
  • 最新文献
  • 馆藏检索
  • 电子资源
  • 读者导购
  • 参考咨询
  • 我的图书馆
  • 登录
  • 详细信息显示
  • 放入我的书架
  • 预约/预借图书
  • 作者相关作品
  • 分类相关作品
  • 丛书相关作品
  • 出版社相关作品

书目信息

  • 表格格式
  • 工作单格式
  • 卡片格式
题名:
物理学史简编
    
 
作者: 申先甲 , 张铝鑫 , 祁有龙 编著
分册:  
出版信息: 济南   山东教育出版社  1985
页数: 929页
开本: 20cm
丛书名:
单 册:
中图分类: O4-09
科图分类:
主题词: 物理学历史
电子资源:
ISBN:
000 00708nam0 2200265 45
001 0185009859
005 20030101002250.4
010    @dCNY7.15
091    @a13275.26
100    @a19900829d1985 emky0chiy0121 ea
101 0  @achi
102    @aCN@b370000
105    @ay z 001yy
106    @ar
200 10 @a物理学史简编@Awu li xue shi jian bian@f申先甲等编著
210    @a济南@c山东教育出版社@d1985
215    @a929页@d20cm
606    @a物理学历史
690    @aO4-09@v3
701  0 @a申先甲@Ashen xian jia@4编著
701  0 @a张铝鑫@Azhang lv xin@4编著
701  0 @a祁有龙@Aqi you long@4编著
801  0 @aCN@b深圳图书馆@c20030101
801  2 @aCN@bNLC@c20030101
905    @f1@b153997@dO4-09@e139
    
    物理学史简编/申先甲等编著.-济南:山东教育出版社,1985
    929页;20cm
    
    
    ISBN :CNY7.15
    
●
相关链接 在E读中查询图书 在五车中查询图书 在当当中查询图书 在豆瓣中查询图书


正题名:物理学史简编     索取号:O4-09/139         预约/预借

序号 登录号 条形码 馆藏地/架位号 状态 备注
1 0153996   000394022   第三借阅区/ [索取号:O4-09/139] 在馆    
2 0153997   000394013   第三借阅区/ [索取号:O4-09/139] 在馆    
3 0153998   202103721   第二样本阅览室/ [索取号:O4-09/139] 在馆    
唐山师范学院图书馆 欢迎您!
大连网信软件有限公司© 版权所有